| 000 | 00629nam a2200193 a 4500 | ||
|---|---|---|---|
| 005 | 20140412111308.0 | ||
| 008 | 001115s19uu xx 00 eng d | ||
| 020 | _a1-85435-688-7 | ||
| 050 |
_aREF 507 _bK46Na 1997 |
||
| 100 | _aKerrod, Robin | ||
| 245 |
_aLet's investigate science : _cRobin Kerrod ; illustrated by Ted Evans. _bNatural resources/ |
||
| 260 |
_aNew York : _bMarshall Cavendish, _c1997. |
||
| 300 | _a64 p. ; col. ; ill. | ||
| 440 | _aLet's inevstigate science | ||
| 500 | _aIncludes bibliographic and index | ||
| 650 |
_aNatural resources- _xwater |
||
| 650 |
_aNatural resources- _xland, |
||
| 999 |
_c103834 _d103834 |
||